| 000 | 00877nam a22002415a 4500 | ||
|---|---|---|---|
| 003 | OSt | ||
| 005 | 20170122150220.0 | ||
| 008 | 170122s2011 ua frb 000 0 ara d | ||
| 015 | _a2011 / 13851 | ||
| 020 | _a9789777161930 | ||
| 040 |
_aEG-ScBUE _bara _cEG-ScBUE |
||
| 082 | 0 | 4 |
_a345 _bم هـ د _222 |
| 100 | 1 | _aمهدي، محمد أمين. | |
| 245 | 1 | 2 |
_aالمدخل لدراسة القانون الدولي الجنائي : _bمجموعة محاضرات / _cمحمد أمين المهدي. |
| 246 | 3 | 0 | _aالقانون الدولي الجنائي |
| 260 |
_aالقاهرة : _bدار النهضة العربية، _c2011. |
||
| 300 |
_a682 ص. ؛ _c24 سم. |
||
| 504 | _aيشتمل على إرجاعات ببليوجرافية. | ||
| 650 | 7 |
_aالقانون الدولي الجنائي. _2BUEsh |
|
| 651 | _2BUEsh | ||
| 653 |
_bLLAAWW _cJanuary2017 |
||
| 942 | _2ddc | ||
| 999 |
_c24003 _d23975 |
||